| 000 | 00498nam a2200097Ia 4500 | ||
|---|---|---|---|
| 008 | 180130s9999 xx 000 0 und d | ||
| 245 |
_cRucker, Eduardo Scherer; Rodrigues, Luis Henrique; Lacerda, Daniel Pacheco; Cassel, Ricardo Augusto _aMetrics for data accuracy improvement in a production scheduling software: an application in the Brazilian meat industry |
||
| 260 | _c2016 | ||
| 300 | _aBook title: Information technology management--Acession number C20746; pages 63-73 | ||
| 650 | _aIT MANAGEMENT | ||
| 999 |
_c354260 _d354260 |
||